|
|
|
|
| LEADER |
00000cam a2200000 7i4500 |
| 001 |
0000009743 |
| 002 |
000010609 |
| 005 |
20080515.0 |
| 020 |
|
|
|a 9836232966
|
| 090 |
0 |
0 |
|a 302
|b SCH
|
| 100 |
1 |
|
|a Schramm, Wilbur
|
| 245 |
1 |
0 |
|a Lelaki,wanita,mesej dan media :
|b memahami komunikasi manusia
|c terjemahan oleh Azizah Eusop
|
| 260 |
|
|
|a Kuala Lumpur :
|b Dewan Bahasa Dan Pustaka ,
|c 1992
|
| 300 |
|
|
|a 372 p. ;
|c 23 cm.
|
| 650 |
0 |
0 |
|a Communication
|
| 650 |
0 |
0 |
|a Mass Media
|
| 700 |
1 |
|
|a I.Porter
|
| 999 |
|
|
|a 051292
|b BUKU
|c PINJAMAN
|e PERPUSTAKAAN KOMUNITI PETALING JAYA
|
| 999 |
|
|
|a 051293
|b BUKU
|c PINJAMAN
|e PERPUSTAKAAN KOMUNITI PETALING JAYA
|
| 999 |
|
|
|a 054404
|b BUKU
|c PINJAMAN
|e PERPUSTAKAAN KOMUNITI PETALING JAYA
|